Η εκπαίδευση των παλιννοστούντων και αλλοδαπών μαθητών στην Ελλάδα : διαπολιτισμική προσέγγιση

Αποθηκεύτηκε σε:
Λεπτομέρειες βιβλιογραφικής εγγραφής
Άλλοι συγγραφείς: Δαμανάκης, Μιχαήλ Ε. (Επιμελητής έκδοσης)
Μορφή: Βιβλίο
Γλώσσα:Greek
Δημοσίευση: Αθήνα : Gutenberg, 1997.
Σειρά:Διαπολιτισμική παιδαγωγική ; v.1
Θέματα:
Ετικέτες: Προσθήκη ετικέτας
Δεν υπάρχουν, Καταχωρήστε ετικέτα πρώτοι!

MARC

LEADER 00000cam a2200000 i 4500
001 1/13868
008 980327s1997 gr | ||| |||| ||gre||
020 |a 9600106738 
035 |l 10019202 
040 |a GR-MY-UA  |b    |e aacr 
041 0 |a gre 
082 7 |a 371.9789   |2 (22) 
245 0 2 |a Η εκπαίδευση των παλιννοστούντων και αλλοδαπών μαθητών στην Ελλάδα :   |b διαπολιτισμική προσέγγιση /   |c επιμέλεια: Μιχάλης Δαμανάκης.  
260 |a Αθήνα :   |b Gutenberg,   |c 1997.  
300 |a 351 σ. :   |b πιν. ;   |c 24 εκ.  
490 1 |a (Διαπολιτισμική παιδαγωγική ;   |v  vol.1)  
504 |a Περιέχει βιβλιογραφία και ευρετήριο.  
650 0 0 |a Children of immigrants  |x Education  |z Greece. 
700 1 |a Δαμανάκης, Μιχαήλ Ε.  |e edt 
830 0 |a Διαπολιτισμική παιδαγωγική ;  |v  v.1 
852 |a INST  |b LESVOS  |e 19980327  |h 371.9789 ΕΚΠ  |p 005100014225  |q 005100014225  |t BK  |y 0 
852 |a INST  |b RHODES  |e 19990112  |h 371.9789 ΕΚΠ  |p 005400005858  |q 005400005858  |t BK  |y 0 
852 |a INST  |b RHODES  |e 19990219  |h 371.9789 ΕΚΠ  |p 005400015665  |q 005400015665  |t BK  |y 0 
901 |a BIBL-1998-2 
909 |a Ρ  |b 053621 
909 |a Ρ  |b 053236 
909 |a Λ  |b 054295 
922 |a 1ΕΛΗ  |b 199802  |c ΚΠΣ/ΤΚΑ  |d EMVASIS 
922 |a 4ΕΛΗ  |b 199802  |c ΚΠΣ/ΔΕ  |d EMVASIS 
970 |z 1998/03